KOHA-Header-6

جدید طبیعیات کے بانی (Record no. 13592)

000 -LEADER
fixed length control field 00367nam a22001337a 4500
020 ## - INTERNATIONAL STANDARD BOOK NUMBER
ISBN 9693508092
082 ## - DEWEY DECIMAL CLASSIFICATION NUMBER
Classification number 925.3
100 ## - MAIN ENTRY--AUTHOR NAME
Personal name ڈاکٹر مجاہد کامران
245 ## - TITLE STATEMENT
Title جدید طبیعیات کے بانی
260 ## - PUBLICATION, DISTRIBUTION, ETC. (IMPRINT)
Place of publication لاہور
Name of publisher سنگ میل پبلیکیشنز
Year of publication ١٩٩٧
300 ## - PHYSICAL DESCRIPTION
Number of Pages ٣٢٧ صفحات
650 ## - SUBJECT ADDED ENTRY--TOPICAL TERM
Topical Term Modern Physicist
942 ## - ADDED ENTRY ELEMENTS (KOHA)
Koha item type Books
Holdings
Withdrawn status Lost status Collection code Permanent Location Current Location Shelving location Date acquired Full call number Accession Number Koha item type
    Urdu Literature MAJU MAJU Shelf No.A12 2022-12-16 925.3 10685 Books

Powered by Koha